[Event "2nd Goa GM Open 2019"]
[Site "Goa"]
[Date "2019.06.21"]
[Round "5.23"]
[White "Aaryan Varshney"]
[Black "Lugovskoy, Maxim"]
[Result "1/2-1/2"]
[WhiteElo "2196"]
[BlackElo "2451"]
[Annotator "TA"]
[PlyCount "68"]
[EventDate "2019.06.17"]
[EventType "swiss"]
[EventCountry "IND"]
[SourceTitle "playchess.com"]
[Source "ChessBase"]
[SourceQuality "1"]

{[%evp 9,68,17,33,27,31,29,25,24,38,29,29,31,20,31,45,25,36,31,30,32,35,28,45,26,37,16,15,0,0,0,0,0,17,0,0,-7,0,-10,0,-121,-48,-76,8,22,15,15,12,17,17,20,10,6,32,7,51,0,85,36,29,23,25]} 1. d4 d5 2. c4 e6 3. Nc3 a6 4. cxd5 exd5 5. Bf4 (5. Nf3 h6 6. Bf4 Nf6 7. e3 Bd6 8. Bxd6 Qxd6 9. Qc2 O-O 10. Bd3 Re8 11. h3 Be6 12. O-O Nbd7 13. a4 {½-½ (40) Shankland,S (2725)-Carlsen,M (2835) Wijk aan Zee 2019}) 5... c6 6. e3 {D31: Queen's Gambit Declined: Semi-Slav without ...Nf6 (+ Marshall Gambit and Noteboom) and Exchange Variation lines without ...Nf6} Bd6 7. Bxd6 Qxd6 8. Bd3 Nf6 9. Qc2 Nbd7 $146 ({Predecessor:} 9... O-O 10. h3 Re8 11. Nf3 Nbd7 {0-1 (32) Rychagov,A (2548)-Lugovskoy,M (2445) Sochi 2019}) 10. Nf3 O-O 11. O-O Re8 12. h3 Nf8 13. Rac1 Ng6 14. Rfe1 Bd7 15. a3 Re7 16. Na4 Rae8 17. Qc5 Qb8 18. Qb6 Qc8 19. Bf1 Bf5 20. Nc5 Ne4 21. Nxe4 Bxe4 22. Nd2 Bf5 23. Nf3 Re6 24. Ng5 {[#]} (24. Rc3 $11 {keeps the balance.}) 24... Rd6 ({Better is} 24... Rf6 $1 $17 25. f4 h6) 25. f3 Qd7 (25... f6 $17 26. e4 Bd7) 26. e4 $36 {[%mdl 2048] White is pushing.} dxe4 27. Bc4 Rf6 {Strongly threatening ...e3.} 28. fxe4 Be6 $1 {[%cal Re6c4]} 29. Nxe6 fxe6 30. Rf1 Kh8 31. e5 Rf5 32. Bd3 (32. Rxf5 $14 exf5 33. Rf1) 32... Rg5 (32... Rff8 $11) 33. Bxg6 Rxg6 34. Qc5 {[#] White threatens Rf8+ and mate.} Kg8 {Accuracy: White = 45%, Black = 33%.} 1/2-1/2

[Event "2nd Goa GM Open 2019"]
[Site "Goa"]
[Date "2019.06.21"]
[Round "5.24"]
[White "Ramnathan, Balasubramaniam"]
[Black "Khusenkhojaev, Muhammad"]
[Result "0-1"]
[WhiteElo "2184"]
[BlackElo "2446"]
[Annotator "NA RC"]
[PlyCount "111"]
[EventDate "2019.06.17"]
[EventType "swiss"]
[EventCountry "IND"]
[SourceTitle "playchess.com"]
[Source "ChessBase"]
[SourceQuality "1"]
[TimeControl "5400+30"]

1. Nf3 {[%emt 0:00:00]} Nf6 {[%emt 0:00:00]} 2. b3 {[%emt 0:00:00]} g6 {[%emt 0:00:00]} 3. Bb2 {[%emt 0:00:09]} Bg7 {[%emt 0:00:00]} 4. e3 {[%emt 0:00:20]} c5 {[%emt 0:00:10]} 5. Be2 {[%emt 0:00:36]} O-O {[%emt 0:00:23]} 6. O-O {[%emt 0:00:26]} d5 {[%emt 0:00:53]} 7. d4 {[%emt 0:00:35]} Ne4 {[%emt 0:01:34]} 8. Qc1 {[%emt 0:03:14]} cxd4 {[%emt 0:04:26]} 9. Bxd4 {[%emt 0:01:54]} Nf6 {[%emt 0:01:07]} 10. c4 {[%emt 0:01:35]} Nc6 {[%emt 0:00:08]} 11. Bb2 {[%emt 0:00:19]} dxc4 {[%emt 0:01:51]} 12. Qxc4 {[%emt 0:07:32]} Qa5 {[%emt 0:01:11]} 13. Nc3 {[%emt 0:02:06]} Bf5 {[%emt 0:03:17]} 14. a3 {[%emt 0:07:49]} Be6 {[%emt 0:00:24]} 15. Qa4 {[%emt 0:00:40]} Qxa4 {[%emt 0:08:22]} 16. bxa4 {[%emt 0:02:17]} Nd5 {[%emt 0:00:13]} 17. Nxd5 {[%emt 0:03:17]} Bxd5 {[%emt 0:02:45]} 18. Bxg7 {[%emt 0:00:16]} Kxg7 {[%emt 0:00:01]} 19. Rab1 {[%emt 0:00:59]} Rab8 {[%emt 0:00:07]} 20. Rfd1 {[%emt 0:01:41]} Rfd8 {[%emt 0:01:06]} 21. Kf1 {[%emt 0:04:20]} e6 {[%emt 0:06:03]} 22. Nd2 {[%emt 0:03:39]} Na5 {[%emt 0:01:23]} 23. Bf3 {[%emt 0:12:51]} Rbc8 {[%emt 0:05:55]} 24. Rdc1 {[%emt 0:06:01]} Ba2 {[%emt 0:01:59]} 25. Rxc8 {[%emt 0:00:24]} Rxc8 {[%emt 0:00:10]} 26. Rb2 {[%emt 0:02:20]} Bc4+ {[%emt 0:00:14]} 27. Ke1 {[%emt 0:07:40]} Ba6 {[%emt 0:01:41]} 28. Nb3 {[%emt 0:02:51]} Nxb3 {[%emt 0:11:30]} 29. Rxb3 {[%emt 0:00:09]} Rc2 {[%emt 0:00:12]} 30. Bxb7 {[%emt 0:01:54]} Bc4 {[%emt 0:00:06]} 31. Rb4 {[%emt 0:05:47]} a5 {[%emt 0:00:12]} 32. Kd1 {[%emt 0:01:37]} Rc3 {[%emt 0:00:09]} 33. Rb2 {[%emt 0:05:02]} Rxa3 {[%emt 0:01:59]} 34. Bc6 {[%emt 0:00:48]} Bb3+ {[%emt 0:00:26]} 35. Kc1 {[%emt 0:01:38]} Bxa4 {[%emt 0:00:16]} 36. Bxa4 {[%emt 0:00:36]} Rxa4 {[%emt 0:00:05]} 37. Kb1 {[%emt 0:00:29]} Kf6 {[%emt 0:04:40]} 38. Rc2 h5 {[%emt 0:03:04]} 39. Rc5 {[%emt 0:01:28]} h4 {[%emt 0:00:54]} 40. h3 {[%emt 0:01:36]} g5 {[%emt 0:00:26]} 41. Kb2 {[%emt 0:00:12]} Kg6 {[%emt 0:01:07]} 42. Re5 {[%emt 0:02:07]} g4 {[%emt 0:02:25]} 43. Kb1 {[%emt 0:01:12]} g3 {[%emt 0:03:36]} 44. f3 {[%emt 0:03:29]} Kf6 {[%emt 0:02:12]} 45. Rh5 {[%emt 0:00:26]} Ra3 {[%emt 0:00:10]} 46. Rxh4 {[%emt 0:01:31]} Rxe3 {[%emt 0:00:05]} 47. Rg4 {[%emt 0:01:11]} Re1+ {[%emt 0:00:09]} 48. Kc2 {[%emt 0:00:32]} Re2+ {[%emt 0:00:04]} 49. Kd3 {[%emt 0:00:28]} Rxg2 {[%emt 0:00:10]} 50. Ke3 {[%emt 0:01:05]} Rg1 {[%emt 0:02:32]} 51. h4 {[%emt 0:01:02]} a4 {[%emt 0:03:34]} 52. h5 {[%emt 0:00:45]} a3 {[%emt 0:00:47]} 53. h6 {[%emt 0:00:18]} a2 {[%emt 0:01:47]} 54. h7 {[%emt 0:00:04]} Rh1 {[%emt 0:00:08]} 55. Ra4 {[%emt 0:00:08]} g2 {[%emt 0:00:25]} 56. Kd4 {Ke5+} 0-1

[Event "2nd Goa GM Open 2019"]
[Site "Goa"]
[Date "2019.06.21"]
[Round "5.25"]
[White "Mohammad Nubairshah Shaikh"]
[Black "Kushagra Mohan"]
[Result "1/2-1/2"]
[WhiteElo "2436"]
[BlackElo "2207"]
[Annotator "TA"]
[PlyCount "145"]
[EventDate "2019.06.17"]
[EventType "swiss"]
[EventCountry "IND"]
[SourceTitle "playchess.com"]
[Source "ChessBase"]
[SourceQuality "1"]

{[%evp 17,145,-12,-6,-10,-8,-14,-4,-6,0,0,0,-8,-5,-48,0,0,14,11,8,0,10,10,35,0,0,6,17,15,53,0,9,0,0,-70,-62,-63,-62,-66,-64,-68,-65,-57,-68,-66,-71,-49,0,0,0,0,12,12,20,8,8,8,8,0,46,31,44,0,43,43,43,40,51,0,0,0,0,0,0,0,7,0,8,8,8,8,8,8,8,8,11,13,13,8,13,0,13,13,13,8,8,8,8,8,8,0,10,0,10,8,36,8,11,0,8,9,80,27,33,1,80,80,80,10,80,8,10,17,80,80,92,0,17,0,92,0]} 1. d4 Nf6 2. c4 e6 3. Nc3 Bb4 4. e3 O-O 5. Nge2 d5 6. a3 Be7 7. cxd5 exd5 8. g3 Nbd7 9. Bg2 Nb6 10. O-O {E46: Nimzo-Indian: Rubinstein: 4 e3 0-0 5 Ne2 without early Bd3} Re8 11. Qc2 (11. b3 h6 12. Qc2 Bd7 13. a4 a5 14. Nf4 c6 15. Bb2 Bb4 16. Nd3 Bf5 17. Qd1 Bd6 {½-½ (34) Carlsen,M (2862)-So,W (2762) Wijk aan Zee 2015}) 11... c6 12. a4 $146 {The position is equal.} ({Predecessor:} 12. h3 Bd6 13. b3 Qe7 14. a4 a5 15. f3 c5 16. Nb5 cxd4 17. Nxd6 Qxd6 18. exd4 {½-½ (41) Rapport,R (2523)-Efimenko,Z (2683) Hungary 2010}) 12... a5 13. b3 h6 14. Bd2 Bb4 15. Rad1 Be6 16. Nf4 Qd6 17. Rfe1 Nbd7 18. f3 Rab8 19. Nxe6 fxe6 (19... Qxe6 {is interesting.} 20. Re2 Rbc8 21. Na2 c5 22. Nxb4 axb4 23. dxc5 Nxc5 24. Bxb4 Qb6) 20. Na2 Bxd2 21. Qxd2 b6 22. f4 Qa3 23. Nc1 (23. Ra1 $14) 23... c5 24. Qd3 Rbc8 25. Qg6 ({White should play} 25. Qe2 $11) 25... c4 26. bxc4 Rxc4 27. Bf1 Rc3 28. Bb5 {Hoping for Bxd7.} Nf8 29. Qb1 Rec8 30. Nd3 Ne4 $1 31. Qa1 Qe7 32. Rc1 Rc2 33. Qb1 $36 {[%mdl 2048] White is more active.} Qc7 34. Ba6 Nd2 35. Qxc2 Qxc2 36. Rxc2 Rxc2 37. Ne5 Rc3 38. Re2 Ne4 39. Bd3 Nf6 40. Rc2 Rxc2 41. Bxc2 N8d7 42. Nxd7 (42. h4 $14) 42... Nxd7 $14 {[%mdl 4096] Endgame KB-KN} 43. e4 dxe4 $1 44. Bxe4 Kf8 45. Kf2 Ke7 46. Ke3 Kd6 47. Kd3 Nf6 48. Bf3 Ne8 49. Kc4 Nc7 50. Be4 Ke7 51. Bg2 Kd6 52. Bh1 Ke7 53. Bg2 Kd6 54. Bf3 Ke7 55. h3 Kd6 56. Bh1 Ke7 57. Bg2 Kf6 58. Be4 Ke7 59. Bg2 Kf6 60. Bf3 Ke7 61. h4 Kf6 62. g4 Ke7 63. Bg2 Kd6 (63... Kf6 $1 $11) 64. Bh1 (64. Be4 $16) 64... Ke7 $11 65. Bf3 Kd6 (65... Kf6 $1 $11) 66. g5 $16 Ke7 67. Bg2 (67. d5 $1 $16) 67... Kd6 (67... Kf7 $1 $11) 68. Bb7 (68. Be4 $1 $16) 68... Ke7 69. Bf3 Kd6 (69... Kf7 $1 $11 {remains equal.}) 70. Be4 Ke7 {[#]} 71. Bf3 (71. d5 $1 $16) 71... Kd6 $11 72. Be4 (72. Bg2 $11) 72... Ke7 $1 $16 {[#]} 73. Bf3 {Accuracy: White = 43%, Black = 53%.} ({Better is} 73. d5 $1 $16) 1/2-1/2

[Event "2nd Goa GM Open 2019"]
[Site "Goa"]
[Date "2019.06.21"]
[Round "5.26"]
[White "Shyaamnikhil P"]
[Black "Michelle Catherina, P."]
[Result "1/2-1/2"]
[WhiteElo "2434"]
[BlackElo "2182"]
[Annotator "TA"]
[PlyCount "146"]
[EventDate "2019.06.17"]
[EventType "swiss"]
[EventCountry "IND"]
[SourceTitle "playchess.com"]
[Source "ChessBase"]
[SourceQuality "1"]

{[%evp 21,146,3,18,4,18,6,7,-12,0,0,0,0,0,0,29,12,14,23,31,33,54,28,34,37,44,21,50,59,81,78,64,62,68,58,47,46,49,54,47,47,79,0,0,-80,-93,-170,-188,-185,-168,-583,-582,-5047,0,-229,0,-5011,-4810,-2320,-264,-241,0,-1328,-864,-716,-522,-1056,-1012,-2348,-125,-135,-132,-470,-80,-80,-80,-79,-80,-80,-87,-87,-87,-87,-80,-80,-63,-99,-93,-80,-8,-8,-8,-8,-8,-8,-8,-8,0,-8,-8,-8,-8,-8,-8,-8,0,0,0,0,0,0,0,0,0,0,0,0,0,0,0,0,0,0,0,0,0,0,0]} 1. Nf3 d5 2. c4 e6 3. g3 Nf6 4. Bg2 Be7 5. d4 O-O 6. Nc3 dxc4 7. Ne5 Nc6 8. Bxc6 bxc6 9. Nxc6 Qd6 10. Nxe7+ Qxe7 11. Qa4 c5 12. dxc5 {E06: Closed Catalan: Early deviations} Qxc5 13. Be3 Qc7 14. O-O-O Bd7 (14... Ng4 15. Rd2 Nxe3 16. fxe3 Rb8 17. Rhd1 a5 18. Kb1 h6 19. Ka1 Rb4 {1-0 (49) Caruana,F (2822)-Nakamura,H (2777) Saint Louis 2018}) 15. Qa3 Bc6 16. f3 {[#]} Nd5 $146 ({Predecessor:} 16... Rfc8 17. Rd2 Nd5 18. Bd4 a5 19. Qc5 Qb7 {1-0 (35) Oparin,G (2613)-Burg,T (2514) chess.com INT 2019}) 17. Bd4 Rfd8 18. e4 Nxc3 19. Qxc3 f6 20. Qxc4 Kh8 21. Qc5 Rdc8 {And now ...Qb7 would win.} 22. Bc3 Rab8 23. Rd2 Qb7 24. Qa5 f5 25. Rhd1 fxe4 26. Rd8+ Be8 {[%csl Gb8][%cal Rb7b2]} 27. Rxc8 Rxc8 28. fxe4 Qxe4 29. Qxa7 {[%csl Gc3][%cal Ra7g7]} e5 {Threatens to win with ...Bg6.} 30. Qa6 Ra8 31. Qd3 ({Better is} 31. Qd6 $1 $16 {[%cal Rd6f8]} Qe3+ 32. Qd2) 31... Qa4 $1 $11 32. Qd5 (32. Qe2 $11 {remains equal.}) 32... Bg6 $40 {[%csl Gg6][%cal Ra4c2][%mdl 1152] Black has strong compensation. Black has strong attack.} 33. Rd2 (33. Qd2 $17 {keeps fighting.}) 33... Rf8 $19 34. b3 {[#]} Qa3+ $1 35. Kd1 $2 (35. Rb2 {nothing else works.}) 35... Bh5+ ({Stronger than} 35... Rf1+ 36. Ke2 $15) 36. Kc2 Bg6+ $2 (36... Qxa2+ 37. Kd3 Bg6+ 38. Ke2 Qa6+ 39. Ke3 Qa7+ 40. Rd4 exd4+ 41. Qxd4 Qb7 42. Qxg7+ Qxg7 43. Bxg7+ Kxg7) 37. Kd1 Bh5+ $2 ({Not} 37... Rf1+ 38. Ke2 $11) (37... h6 38. Rg2 (38. Bxe5 $2 Rf1+ 39. Ke2 Qc1 $19) 38... Rf1+ 39. Be1 Qb4 40. Qxe5 Qg4+ 41. Re2 Bh5) 38. Kc2 Qxa2+ 39. Kd3 Qa6+ $2 (39... Bg6+ 40. Ke2 Qa6+ 41. Ke3 Qa7+ 42. Rd4 exd4+ 43. Qxd4 Qb7 44. Qxg7+ Qxg7 45. Bxg7+ Kxg7) 40. Kc2 Qa2+ $2 (40... Qa3 41. Bxe5 Rc8+ 42. Kd3 Re8) 41. Kd3 Qb1+ 42. Kc4 Qf1+ 43. Kb4 Rb8+ 44. Ka5 Qf8 $2 (44... Be8 $19 {and Black stays clearly on top. ( -> ...Rb5+)} 45. Qc4 Qf3) 45. Qd6 $17 Qc8 46. Qxe5 $4 {[%mdl 8192] [#]} (46. Bxe5 $17 Ra8+ 47. Kb4 Qb7+ 48. Kc3) 46... Qb7 $2 {[#]} (46... Ra8+ $1 $19 47. Kb6 Qa6+ 48. Kc5 Qa7+ 49. Kd5 Rd8+ 50. Ke4 Re8) 47. Qxg7+ $1 {[%mdl 512]} Qxg7 48. Bxg7+ Kxg7 {[%mdl 4096] Endgame KRB-KR} 49. b4 Be8 {Hoping for ...Rb5+.} 50. Rd5 Ra8+ 51. Kb6 Ra2 52. h4 Rg2 53. Rg5+ Kf6 54. b5 Bd7 (54... Rb2 $17 {Threatening ...Ke6.} 55. Ka5 Ke6) 55. Kc7 $11 {The position is equal.} Bf5 56. b6 Rc2+ 57. Kd6 Rd2+ 58. Kc7 Rc2+ 59. Kd6 Rb2 60. Kc7 Be4 61. Rc5 Rb3 62. g4 Kg6 63. Re5 Bf3 64. Re6+ Kf7 65. Rh6 Kg7 ({Don't blunder} 65... Bxg4 $2 66. b7 $18) 66. g5 Rc3+ 67. Kb8 Rb3 68. Rf6 Kg8 69. Kc7 Be4 70. Re6 Bf3 71. Rf6 Be4 72. Re6 Bf3 73. Rf6 Be4 {Accuracy: White = 51%, Black = 45%.} 1/2-1/2

[Event "2nd Goa GM Open 2019"]
[Site "Goa"]
[Date "2019.06.21"]
[Round "5.27"]
[White "Sammed Jaykumar, Shete"]
[Black "Grahesh Y"]
[Result "1-0"]
[WhiteElo "2431"]
[BlackElo "2063"]
[Annotator "NA"]
[PlyCount "83"]
[EventDate "2019.06.17"]
[EventType "swiss"]
[EventCountry "IND"]
[SourceTitle "playchess.com"]
[Source "ChessBase"]
[SourceQuality "1"]
[TimeControl "5400+30"]

1. e4 {[%emt 0:00:00]} c5 {[%emt 0:08:04]} 2. Nf3 {[%emt 0:00:00]} d6 {[%emt 0:01:02]} 3. d4 {[%emt 0:00:00]} cxd4 {[%emt 0:00:05]} 4. Qxd4 {[%emt 0:00:00]} Nc6 {[%emt 0:01:27]} 5. Qe3 {[%emt 0:00:05]} Nf6 {[%emt 0:07:57]} 6. Be2 {[%emt 0:00:26]} g6 {[%emt 0:01:13]} 7. h3 {[%emt 0:00:18]} Bg7 {[%emt 0:00:10]} 8. O-O {[%emt 0:00:10]} O-O {[%emt 0:00:27]} 9. Rd1 {[%emt 0:00:12]} Bd7 {[%emt 0:10:31]} 10. c4 {[%emt 0:00:27]} Rc8 {[%emt 0:01:24]} 11. Nc3 {[%emt 0:00:57]} Qc7 {[%emt 0:01:52]} 12. Rb1 {[%emt 0:02:17]} a6 {[%emt 0:04:07]} 13. b3 {[%emt 0:04:32]} Be6 {[%emt 0:09:56]} 14. Bb2 {[%emt 0:01:34]} Qa5 {[%emt 0:02:04]} 15. Nd5 {[%emt 0:11:16]} Qc5 {[%emt 0:15:31]} 16. Nxf6+ {[%emt 0:09:33]} exf6 {[%emt 0:00:09]} 17. Qf4 {[%emt 0:02:57]} Ne5 {[%emt 0:03:40]} 18. Nd4 {[%emt 0:00:58]} Rfd8 {[%emt 0:00:54]} 19. Rd2 {[%emt 0:04:58]} Rd7 {[%emt 0:04:11]} 20. Rbd1 {[%emt 0:01:42]} Rcd8 {[%emt 0:01:07]} 21. Kh1 {[%emt 0:06:40]} h5 {[%emt 0:02:34]} 22. Qh4 {[%emt 0:01:52]} Nc6 {[%emt 0:08:44]} 23. Nxc6 {[%emt 0:21:08]} Qxc6 {[%emt 0:04:16]} 24. Bf3 {[%emt 0:00:05]} Qc5 {[%emt 0:01:06]} 25. Bxf6 {[%emt 0:00:24]} Bxf6 {[%emt 0:01:21]} 26. Qxf6 {[%emt 0:00:06]} b5 {[%emt 0:00:28]} 27. cxb5 {[%emt 0:00:54]} axb5 {[%emt 0:00:05]} 28. Be2 {[%emt 0:01:04]} Ra8 {[%emt 0:00:46]} 29. f4 {[%emt 0:00:48]} Rdd8 {[%emt 0:05:38]} 30. Bd3 {[%emt 0:05:06]} Bd7 {[%emt 0:00:42]} 31. f5 {[%emt 0:00:26]} Be8 {[%emt 0:00:53]} 32. Bb1 {[%emt 0:00:33]} Rdc8 {[%emt 0:02:03]} 33. Rxd6 {[%emt 0:00:32]} Qf2 {[%emt 0:00:56]} 34. Qg5 {[%emt 0:01:36]} Rc3 {[%emt 0:00:26]} 35. R6d2 {[%emt 0:01:31]} Qc5 {[%emt 0:00:08]} 36. Qf4 {[%emt 0:02:39]} Rc8 {[%emt 0:00:20]} 37. e5 {[%emt 0:00:44]} Bc6 {[%emt 0:00:44]} 38. Kh2 {[%emt 0:00:09]} Re3 {[%emt 0:00:40]} 39. Rd8+ {[%emt 0:00:38]} Rxd8 {[%emt 0:00:05]} 40. Rxd8+ {[%emt 0:00:07]} Kg7 {[%emt 0:00:07]} 41. f6+ {[%emt 0:00:10]} Kh7 {[%emt 0:00:33]} 42. Rh8+ {[%emt 0:00:07]} 1-0

[Event "2nd Goa GM Open 2019"]
[Site "Goa"]
[Date "2019.06.21"]
[Round "5.28"]
[White "Ram, S. Krishnan"]
[Black "Divya Deshmukh"]
[Result "1/2-1/2"]
[WhiteElo "2152"]
[BlackElo "2414"]
[Annotator "TA"]
[PlyCount "94"]
[EventDate "2019.06.17"]
[EventType "swiss"]
[EventCountry "IND"]
[SourceTitle "playchess.com"]
[Source "ChessBase"]
[SourceQuality "1"]

{[%evp 9,94,-75,0,0,16,-4,40,10,20,16,41,0,0,-6,-14,-11,-7,0,22,0,21,19,43,55,56,43,50,50,58,48,80,62,105,54,37,-6,76,72,78,78,78,78,77,67,62,77,65,59,56,58,56,42,48,53,54,49,81,73,99,54,73,9,31,11,13,0,0,-118,-114,-1136,0,0,0,0,0,0,0,0,0,0,0,0,0,0,0,0,0]} 1. Nf3 Nf6 2. c4 e6 3. g3 d5 4. Bg2 d4 5. b4 c5 (5... Bxb4 $17 6. Qa4+ Nc6) 6. Bb2 $11 {A13: English Opening: 1...e6} (6. O-O cxb4 7. a3 Nc6 8. d3 a5 9. axb4 Bxb4 10. Ba3 Bd7 11. Bxb4 axb4 12. Nbd2 O-O 13. Ne1 {½-½ (22) Howell,D (2640)-Fridman,D (2626) Germany 2017}) 6... Nc6 7. b5 Ne7 8. O-O {White is slightly better.} Ng6 $146 ({Predecessor:} 8... g6 9. e3 Nf5 10. Na3 Bg7 11. Nc2 dxe3 12. fxe3 {0-1 (36) Quizielvu,M-Menaldo,C ICCF email 1997}) 9. e3 {[%cal Re3d4]} e5 10. exd4 exd4 ({Much worse is} 10... cxd4 $6 11. Re1 $16) 11. Re1+ Be7 12. d3 O-O 13. Nbd2 Bf5 14. Ne5 Qc7 15. Qf3 Nxe5 16. Qxf5 Bd6 17. Nf3 $36 {[%cal Rf3e5][%mdl 2048] White is more active.} Ned7 18. Bc1 a6 19. a4 axb5 20. cxb5 c4 21. Nxd4 ({White should try} 21. dxc4 $16 Qxc4 22. Bb2) 21... Bb4 $14 22. Re2 Bc3 {[#]} (22... Qd6 $11 23. Qf4 Qxf4 24. Bxf4 Bc3) 23. Bb2 $1 $16 {[%cal Rb2c3]} cxd3 24. Qxd3 Bxb2 25. Rxb2 {aiming for Rc2.} Rxa4 26. Rxa4 Qc1+ 27. Qf1 Qxb2 28. Qa1 Qxa1+ $1 29. Rxa1 Nc5 30. Ra7 b6 31. Bc6 Rd8 32. Nf5 Kf8 33. Ne3 Nfd7 34. Nd5 g6 35. g4 ({White should play} 35. f4 $16) 35... Kg7 36. g5 Ne5 37. Nxb6 {Black must now prevent f4.} Rd6 38. Rc7 (38. h4 $11) 38... Ne6 $17 39. Rc8 $2 {[%mdl 8192] [#]} (39. Re7 $17) 39... Nd4 $2 (39... Rd1+ $1 $19 40. Kg2 Nf4+ 41. Kg3 Ne2+ 42. Kh3 Rg1) 40. Kg2 $11 {The position is equal.} Ndxc6 41. bxc6 Nxc6 {[%mdl 4096] Endgame KRN-KRN} 42. Nc4 Re6 43. Ne3 h6 44. h4 Ne7 45. Re8 hxg5 46. hxg5 Re5 47. Kf1 Nc6 {Accuracy: White = 53%, Black = 59%.} 1/2-1/2

[Event "2nd Goa GM Open 2019"]
[Site "Goa"]
[Date "2019.06.21"]
[Round "5.30"]
[White "Turov, Maxim"]
[Black "Mithil, Ajgaonkar"]
[Result "1-0"]
[WhiteElo "2579"]
[BlackElo "2311"]
[Annotator "RC"]
[PlyCount "73"]
[EventDate "2019.06.17"]
[EventType "swiss"]
[EventCountry "IND"]
[SourceTitle "playchess.com"]
[Source "ChessBase"]
[SourceQuality "1"]
[TimeControl "5400+30"]

1. e4 {[%emt 0:00:00]} c6 {[%emt 0:00:00]} 2. d4 {[%emt 0:00:00]} d5 {[%emt 0:00:01]} 3. e5 {[%emt 0:00:00]} Bf5 {[%emt 0:02:44]} 4. Nf3 {[%emt 0:00:00]} e6 {[%emt 0:00:04]} 5. Be2 {[%emt 0:00:07]} Nd7 {[%emt 0:05:48]} 6. O-O {[%emt 0:01:24]} Bg6 {[%emt 0:04:52]} 7. Nbd2 {[%emt 0:00:52]} Nh6 {[%emt 0:06:37]} 8. Nb3 {[%emt 0:05:15]} Nf5 {[%emt 0:14:23]} 9. c3 {[%emt 0:11:48]} h5 {[%emt 0:02:39]} 10. Ng5 {[%emt 0:08:21]} Be7 {[%emt 0:04:15]} 11. Nh3 {[%emt 0:00:36]} h4 {[%emt 0:08:20]} 12. Nf4 {[%emt 0:05:33]} Bh7 {[%emt 0:02:47]} 13. g4 {[%emt 0:08:41]} hxg3 {[%emt 0:06:14]} 14. fxg3 {[%emt 0:01:16]} Qb6 {[%emt 0:05:48]} 15. g4 {[%emt 0:13:12]} Nh4 {[%emt 0:02:34]} 16. Nh5 {[%emt 0:00:52]} Nxe5 17. Rf2 {[%emt 0:01:26]} f6 {[%emt 0:21:02]} 18. Nxg7+ {[%emt 0:11:36]} Kd7 {[%emt 0:04:14]} 19. Nh5 Raf8 {[%emt 0:06:26]} 20. Bh6 {[%emt 0:03:43]} Rf7 {[%emt 0:00:13]} 21. Bf4 {[%emt 0:01:44]} Neg6 {[%emt 0:00:55]} 22. Bg5 {[%emt 0:03:49]} Rhf8 {[%emt 0:00:24]} 23. Qf1 {[%emt 0:00:09]} f5 {[%emt 0:00:32]} 24. Bxe7 {[%emt 0:00:15]} Kxe7 {[%emt 0:00:23]} 25. g5 {[%emt 0:01:03]} f4 {[%emt 0:00:31]} 26. Bg4 {[%emt 0:00:53]} Nf5 {[%emt 0:00:38]} 27. Qh3 {[%emt 0:00:40]} e5 {[%emt 0:00:33]} 28. Nf6 {[%emt 0:00:23]} Ne3 {[%emt 0:00:30]} 29. Nc5 {[%emt 0:03:30]} Rh8 {[%emt 0:00:29]} 30. Bh5 {[%emt 0:00:52]} Qd8 {[%emt 0:00:29]} 31. Qe6+ {[%emt 0:00:35]} Kf8 {[%emt 0:00:07]} 32. Nxh7+ {[%emt 0:00:50]} Rhxh7 {[%emt 0:00:53]} 33. Qxg6 {[%emt 0:00:34]} Qc8 {[%emt 0:00:32]} 34. dxe5 {[%emt 0:01:35]} Qh3 {[%emt 0:00:30]} 35. Ne6+ {[%emt 0:00:30]} Ke7 {[%emt 0:00:10]} 36. Nxf4 {[%emt 0:00:09]} Rxf4 {[%emt 0:00:44]} 37. Qd6# {[%emt 0:00:09]} 1-0